Normal view
MARC view
Entry Topical Term
001 - CONTROL NUMBER
- control field: 22969
003 - CONTROL NUMBER IDENTIFIER
- control field: ARRUPE
005 - DATE AND TIME OF LATEST TRANSACTION
- control field: 20160315152904.0
008 - FIXED-LENGTH DATA ELEMENTS
- fixed length control field: 160315|| aca||aabn | a|a d
040 ## - CATALOGING SOURCE
- Original cataloging agency: ARRUPE
- Transcribing agency: ARRUPE
150 ## - HEADING--TOPICAL TERM
- Topical term or geographic name as entry element: Philosophy.
670 ## - SOURCE DATA FOUND
- Source citation: Work cat.: (ARRUPE)0: Heidegger, Martin, 1889-1976. 22968, Phenomenological interpretations of Aristotle :, c2001.